00293nam a22001097a 4500003000500000038001100005082002300016100002700039245007700066260002900143300001100172NUST awaseem a355.033095491bSAL aSalik, Muhammad Samrez aFighting Shadows:bPost-war on Terror: Pakistan /cMuhammad Samrez Salik aIslamabad :bNDU,c2019. a226 p.